අපේ ඉස්කෝලේ අපායෙන් ආ ගුරුතුමා /

Saved in:
Bibliographic Details
Other Authors: රොහාන් සුදත් (පරිවර්තක)
Format: Book
Language:English
Sinhalese
Published: මුදුන්ගොඩ : තරංග ප්‍රකාශක , 2014.
Subjects:
Tags: Add Tag
No Tags, Be the first to tag this record!

MARC

LEADER 00000nam a22000007a 4500
003 LK-ApPL
005 20260420145316.0
008 260420b |||||||| |||| 00| 0 eng d
020 |a 9789556572247 
040 |a LK-ApPL  |b sin  |d LK-ApPL 
041 |a sin 
082 |2 23  |a 823 
245 |a අපේ ඉස්කෝලේ අපායෙන් ආ ගුරුතුමා / 
260 |a මුදුන්ගොඩ :  |b තරංග ප්‍රකාශක ,  |c 2014. 
300 |a පි. 130 :  |c සෙ.මි.17 
650 0 |a පරිවර්තන නවකතා 
700 |a රොහාන් සුදත්  |e පරිවර්තක  
942 |c LBK 
999 |c 24362  |d 24362